Statistics for Country Capitals with More that One Word

Click here to take the quiz!

General Stats

  • This quiz has been taken 315 times
    (266 since last reset)
  • The average score is 20 of 32

Answer Stats

Answer% Correct
Mexico City
92%
Panama City
84%
Port-au-Prince
81%
Port of Spain
76%
Guatemala City
75%
Port Moresby
73%
San Salvador
73%
San Marino
70%
St. Georges
70%
St. John's
70%
Vatican City
70%
Buenos Aires
66%
New Delhi
65%
Port Louis
65%
Porto-Novo
65%
San Jose
65%
Andorra la Vella
64%
Kuwait City
63%
Santo Domingo
63%
Port Vila
62%
Cape Town
60%
La Paz
57%
Abu Dhabi
55%
Kuala Lumpur
55%
Addis Ababa
52%
Bandar Seri Begawan
49%
Sao Tome
47%
Washington D.C.
46%
Phnom Penh
40%
South Tarawa
32%
Sri Jayawardenepura Kotte
32%
Port Louis
15%

Score Distribution

Percentile by Number Answered

Percent of People with Each Score

Your Score History

You have not taken this quiz since the last reset